नीबू / (Record no. 67998)
[ view plain ]
| 000 -LEADER | |
|---|---|
| fixed length control field | 00964 aa a2200205 4500 |
| 005 - DATE AND TIME OF LATEST TRANSACTION | |
| control field | 20120616112410.0 |
| 008 - FIXED-LENGTH DATA ELEMENTS--GENERAL INFORMATION | |
| fixed length control field | 090313t xxu||||| |||| 00| 0 eng d |
| 010 ## - LCCN (DPL NO) | |
| LC control number | |
| 020 ## - INTERNATIONAL STANDARD BOOK NUMBER | |
| International Standard Book Number | 818609847x |
| Terms of availability | 80.00 |
| 035 ## - SYSTEM CONTROL NUMBER | |
| System control number | B-206242 |
| 082 ## - DEWEY DECIMAL CLASSIFICATION NUMBER | |
| Classification number | 615.88 |
| 100 ## - MAIN ENTRY--PERSONAL NAME | |
| Personal name | गुप्ता, राजकुमारी |
| 9 (RLIN) | 49171 |
| 245 ## - TITLE STATEMENT | |
| Title | नीबू / |
| Statement of responsibility, etc | राजकुमारी गुप्ता |
| 260 ## - PUBLICATION, DISTRIBUTION, ETC. (IMPRINT) | |
| Place of publication, distribution, etc | जयपुर |
| Name of publisher, distributor, etc | पापुलर बुक डिपो |
| Date of publication, distribution, etc | 2006 |
| 260 ## - PUBLICATION, DISTRIBUTION, ETC. (IMPRINT) | |
| Place of publication, distribution, etc | जयपुर |
| 270 ## - ADDRESS | |
| Address | जी-15,एस.एस.टॉवर,धामाणी गली,चौड़ा रास्ता |
| City | जयपुर |
| Postal code | 302003 |
| 300 ## - PHYSICAL DESCRIPTION | |
| Extent | 56पृ |
| Dimensions | 22सेमी (सजिल्द) |
| 942 ## - ADDED ENTRY ELEMENTS (KOHA) | |
| Institution code [OBSOLETE] | dpl |
| Item type | Hindi Books |
| Source of classification or shelving scheme | Dewey Decimal Classification |
| Classification part | 615.88 |
| Call number suffix | गुप्तारा |
| Withdrawn status | Lost status | Source of classification or shelving scheme | Damaged status | Not for loan | Collection code | Home library | Current library | Date acquired | Cost, normal purchase price | Total Checkouts | Full call number | Barcode | Date last seen | Cost, replacement price | Koha item type |
|---|---|---|---|---|---|---|---|---|---|---|---|---|---|---|---|
| Dewey Decimal Classification | Non-fiction | Sarojini Nagar | Sarojini Nagar | 16/06/2012 | 80.00 | 615.88 गुप्तारा | B-206242 | 16/06/2012 | 80.00 | Hindi Books | |||||
| Dewey Decimal Classification | Non-fiction | Sarojini Nagar | Sarojini Nagar | 20/11/2018 | 615.88 गुप्तारा | B-206269 | 20/11/2018 | Hindi Books |
